| 000 | 00975cam a2200337Mi 4500 | ||
|---|---|---|---|
| 001 | 75803 | ||
| 005 | 20230410105313.0 | ||
| 008 | 090327s2009 fr 000 0 fre d | ||
| 035 | _a(OCoLC)ocn317588647 | ||
| 040 |
_aTZT _cTZT |
||
| 020 | _a9782707156709 | ||
| 020 | _a2707156701 | ||
| 029 | 0 |
_aTZT _bJTL00245735 |
|
| 035 | _a(OCoLC)317588647 | ||
| 072 | 7 |
_aHB _2lcco |
|
| 082 | 1 | 4 |
_a330 _21 |
| 050 | 1 | 4 |
_aH 61 _bR425 |
| 100 | 1 | _aColliard, Jean-Edouard. | |
| 245 | 1 | 4 |
_aLes prix Nobel d'économie / _cJean-Edouard Colliard, Emmeline Travers. |
| 260 |
_aParis : _bDécouverte, _c2009. |
||
| 300 | _a126 p. | ||
| 490 | 1 |
_aCollection Reperes; _vn. 532 |
|
| 653 |
_aEconomics _aNobel prize winners _a20th-21st centuries |
||
| 700 | 1 | _aTravers, Emmeline. | |
| 730 | 0 | _aCollection Reperes | |
| 830 | 0 | _aReperes / économie | |
| 938 |
_aJean Touzot Libraire Editeur _bTOUZ _nJTL00245735 _c9,50 EUR |
||
| 942 |
_2lcc _cbk |
||
| 946 | _amjcruz | ||
| 994 |
_aC0 _bDRFGD |
||
| 999 |
_c34013 _d34013 |
||